Australian cities - sudden death - Statistics

General Stats
  • This quiz has been taken 936 times
  • The average score is 12 of 19
Answers on the Grid
Answers color-coded by a green-red scale on the quiz's grid according to % correct below.
Christchurch
Durban
Melbourne
Goa
Bujumbura
Perth
Canberra
Dundee
Hobart
Darwin
Macau
Port Macquarie
Brisbane
Alice Springs
Kingstown
Wagga Wagga
Kowloon
Warrnambool
Adelaide
Popondetta
Wollongong
Mbeya
Cairns
Mackay
Mount Gambier
Pyongyang
Ulladulla
Sydney
Balbriggan
Castlemaine
Queanbeyan
Mandeville
 
Answer Stats
Answer % Correct
Melbourne
95%
Perth
92%
Canberra
90%
Brisbane
84%
Sydney
83%
Darwin
81%
Adelaide
79%
Hobart
74%
Alice Springs
73%
Cairns
66%
Wollongong
66%
Wagga Wagga
57%
Port Macquarie
45%
Warrnambool
40%
Mackay
38%
Castlemaine
31%
Mount Gambier
29%
Ulladulla
24%
Queanbeyan
22%
No matching quizzes found
Score Distribution
Percent of People with Each Score
Percentile by Number Answered
Your Score History
You have not taken this quiz